| 000 | 00540nam a2200145 4500 | ||
|---|---|---|---|
| 999 |
_c16248 _d16248 |
||
| 008 | 210820b ||||| |||| 00| 0 eng d | ||
| 022 | _a0732-8435 | ||
| 082 | _aDPer 657.05 C33 Apr - Sept 2016, v86 n4-9 | ||
| 100 |
_aGeller, Sheldon M. _942788 |
||
| 245 |
_aProper 401 (k) plan management to reduce liability and optimize performance/ _cSheldon M. Geller. |
||
| 260 |
_aNew York: _bThe New York State Society of CPA, _c©2016. |
||
| 300 |
_av86 n4, pages 70-71: _billustration; _c28 cm. |
||
| 650 |
_aInvestment. _943556 |
||
| 942 |
_2ddc _cPER |
||